000 00592nam a2200253Ia 4500
003 OSt
005 20220912152028.0
006 a|||||r|||| 00| 0
007 ta
008 220909b |||||||| |||| 00| 0 eng d
024 _a61668
037 _cTextual
040 _aCSL
_beng
_cCSL
041 _aeng
082 _aE1:7116, G2.2 C S
100 _aSimonsen J L
245 0 _aTerpenes
260 _c1932
300 _ap.
_ccm.
650 _a Terpene
650 _aChemistry
942 _hE1:7116, G2.2 C S
_cTEXL
_2CC
999 _c79348
_d79348